000 00461nab a2200145Ia 4500
003 ES-SlBCS
005 20210601144037.0
008 140529s1965 xxu||||| |||| 00| 0 spa d
041 _aspa
100 1 _aJoblin, Joseph
_911700
245 0 0 _aLos signos de los tiempos en las Instituciones Internacionales
_c Joseph Joblin
650 0 4 _aInstituciones Internacionales
_9188662
773 0 _tRazon y Fe
_gvol. 171, nº. 804, 1965, págs. 21-36
_wRev337
942 _cAR
999 _c702100
_d702100